<?xml version="1.0" encoding="UTF-8"?>
<record
    xmlns:xsi="http://www.w3.org/2001/XMLSchema-instance"
    xsi:schemaLocation="http://www.loc.gov/MARC21/slim http://www.loc.gov/standards/marcxml/schema/MARC21slim.xsd"
    xmlns="http://www.loc.gov/MARC21/slim">

  <leader>00628nam a22001697a 4500</leader>
  <datafield tag="082" ind1=" " ind2=" ">
    <subfield code="a">891.43915 </subfield>
    <subfield code="b">MEH</subfield>
  </datafield>
  <datafield tag="100" ind1=" " ind2=" ">
    <subfield code="a">Mehr, Maulana Ghulam Rasool</subfield>
  </datafield>
  <datafield tag="245" ind1=" " ind2=" ">
    <subfield code="a">Ghalib /</subfield>
    <subfield code="c">Maulana Ghulam Rasool Mehr.</subfield>
  </datafield>
  <datafield tag="260" ind1=" " ind2=" ">
    <subfield code="a">Lahore:</subfield>
    <subfield code="b"> Sheikh Ghulam Ali &amp; Sons, </subfield>
    <subfield code="c">2014.</subfield>
  </datafield>
  <datafield tag="300" ind1=" " ind2=" ">
    <subfield code="a">544p. ;</subfield>
  </datafield>
  <datafield tag="563" ind1=" " ind2=" ">
    <subfield code="a">HB</subfield>
  </datafield>
  <datafield tag="650" ind1=" " ind2=" ">
    <subfield code="a">Ghalib, Mirza Asadullah Khan &#x2014; Biography.</subfield>
    <subfield code="9">129650</subfield>
  </datafield>
  <datafield tag="880" ind1=" " ind2=" ">
    <subfield code="6">100-01\(3\r</subfield>
    <subfield code="a">&#x645;&#x648;&#x644;&#x627;&#x646;&#x627; &#x63A;&#x644;&#x627;&#x645; &#x631;&#x633;&#x648;&#x644; &#x645;&#x6C1;&#x631;</subfield>
  </datafield>
  <datafield tag="880" ind1=" " ind2=" ">
    <subfield code="6">245-02\(3\r</subfield>
    <subfield code="a">&#x63A;&#x627;&#x644;&#x628; / &#x645;&#x648;&#x644;&#x627;&#x646;&#x627; &#x63A;&#x644;&#x627;&#x645; &#x631;&#x633;&#x648;&#x644; &#x645;&#x6C1;&#x631;&#x6D4;</subfield>
  </datafield>
  <datafield tag="880" ind1=" " ind2=" ">
    <subfield code="6">260-03\(3\r</subfield>
    <subfield code="a">&#x644;&#x627;&#x6C1;&#x648;&#x631;: &#x634;&#x6CC;&#x62E; &#x63A;&#x644;&#x627;&#x645; &#x639;&#x644;&#x6CC; &#x627;&#x6CC;&#x646;&#x688; &#x633;&#x646;&#x632;&#x60C; 2014&#x621;&#x6D4;</subfield>
  </datafield>
  <datafield tag="942" ind1=" " ind2=" ">
    <subfield code="2">ddc</subfield>
    <subfield code="c">BK</subfield>
  </datafield>
  <datafield tag="999" ind1=" " ind2=" ">
    <subfield code="c">614242</subfield>
    <subfield code="d">614242</subfield>
  </datafield>
  <datafield tag="952" ind1=" " ind2=" ">
    <subfield code="0">0</subfield>
    <subfield code="1">0</subfield>
    <subfield code="2">ddc</subfield>
    <subfield code="4">0</subfield>
    <subfield code="6">891_439150000000000_MEH</subfield>
    <subfield code="7">0</subfield>
    <subfield code="9">641490</subfield>
    <subfield code="a">CL</subfield>
    <subfield code="b">CL</subfield>
    <subfield code="d">2025-07-10</subfield>
    <subfield code="l">0</subfield>
    <subfield code="o">891.43915 MEH</subfield>
    <subfield code="p">CL-D-2851</subfield>
    <subfield code="r">2025-07-10</subfield>
    <subfield code="w">2025-07-10</subfield>
    <subfield code="y">BK</subfield>
  </datafield>
</record>
